| 000 | 00921nam a22002297a 4500 | ||
|---|---|---|---|
| 999 |
_c10427 _d10427 |
||
| 003 | AR-CdUCM | ||
| 008 | 190401b ||||| |||| 00| 0 spa d | ||
| 040 |
_aMUNICIPALIDAD PROVINCIAL DEL CUSCO _cBIBLIOTECA MUNICIPAL DEL CUSCO |
||
| 041 | _hger | ||
| 082 |
_a501 / _bB87 |
||
| 100 |
_aBüchner, Ludwig _927277 |
||
| 245 |
_aCiencia y naturaleza : _bensayos de filosofía y de ciencia natural / |
||
| 260 |
_aValencia : _bF. Sempere y Cía. |
||
| 300 |
_a204 páginas ; _c18 cm. |
||
| 505 | _aContenido: La idea de Dios y su significación en la época actual -- La escala de la gradación orgánica, ó el progreso de la vida -- Materialismo, idealismo y realismo -- La inmortalidad de la fuerza -- Cuerpo y espíritu ... | ||
| 650 |
_aCiencia _92098 |
||
| 650 |
_aFilosofía _9395 |
||
| 650 |
_aMaterialismo _95459 |
||
| 700 |
_aGonzáles Lana, José (traducción) _927278 |
||
| 942 |
_2ddc _cLIBROS |
||
| 945 | _aachl | ||